000 01030nam a2200301uu 4500
001 200429706
003 TR-AnTOB
005 20260126102458.0
007 ta
008 161025s2016 tu 000 0 tur
020 _a9789944095921
040 _aGAZIU
_beng
_cTR-AnTOB
_erda
041 0 _atur
049 _aMAIN
050 0 0 _aKKX2472
_b.A96 2016
090 _aKKX2472
_b.A96 2016
245 0 0 _aAvrupa İnsan Hakları Mahkemesi büyük daire İzzettin Doğan ve diğerleri Türkiye davası :
_bAvrupa İnsan Hakları Mahkemesi Türkiye davası kararı (başvuru no: 62649/10) Strazburg 26 Nisan 2016.
264 1 _aİstanbul :
_bCem Vakfı,
_c2016.
300 _a174 s. ;
_c21 cm.
336 _2rdacontent
_a text
_btxt
337 _2rdamedia
_aunmediated
_bn
338 _2rdacarrier
_avolume
_bnc
610 0 _933397
_aAvrupa İnsan Hakları Mahkemesi
650 0 _aAleviler
_xHukuki durum, kanunlar vb.
_zTürkiye
_9112286
650 0 _aDin ve politika
_zTürkiye
_953299
942 _2lcc
_cBK
999 _c200429706
_d47630